000 00432nmm a2200157Ia 4500
008 251105s9999||||xx |||||||||||||||||und||
041 _aspa
100 _aPortero, Raúl
245 0 _aReykjavík línea 11
264 _a[Madrid, España] :
_bEditorial Egales,
_c2019
300 _a230 páginas
490 _aNarrativa
650 _aSpanish narrative
856 _uhttps://public.digitaliapublishing.com/a/158152
942 _cCF
999 _c100231
_d100231